Movies Quiz

Random Movies or Clickable Quiz

Match 'Em Up: Biopic Actors Quiz Stats

Quiz Updated Aug 8, 2015

Challenge
Share
Tweet
Score 0/20 Timer 07:00
14 Plays Today
% Correct
Joaquin Phoenix
94.5%
Helen Mirren
92.6%
Leonardo DiCaprio
88.1%
Robert De Niro
86.4%
Val Kilmer
81.8%
Jim Carrey
81%
Marion Cotillard
74.8%
Brad Pitt
71.9%
Don Cheadle
66.5%
Tom Cruise
65.3%
% Correct
James Franco
61.6%
Denzel Washington
58.7%
Chadwick Boseman
58.2%
Gael García Bernal
56.6%
Emile Hirsch
43.2%
Bruno Ganz
42.5%
Geoffrey Rush
41.4%
Kirk Douglas
37.7%
John Lone
35.7%
Ian McKellen
29%

You're not logged in!

Compare scores with friends on all Sporcle quizzes.
Join for Free
OR
Log In

You Might Also Like...

Show Comments

Extras

Top Quizzes Today


Score Distribution

Your Account Isn't Verified!

In order to create a playlist on Sporcle, you need to verify the email address you used during registration. Go to your Sporcle Settings to finish the process.

Report this User

Report this user for behavior that violates our Community Guidelines.

Details: